<?xml version="1.0" encoding="UTF-8"?>
<marc:record xmlns:marc="http://www.loc.gov/MARC21/slim">
   <marc:leader>00000nam a2200000 a 4500</marc:leader>
   <marc:datafield ind1="1" ind2=" " tag="100">
      <marc:subfield code="a">Riebel, Julia</marc:subfield>
      <marc:subfield code="4">aut</marc:subfield>
      <marc:subfield code="e">Verfasser/-in</marc:subfield>
   </marc:datafield>
   <marc:datafield ind1=" " ind2=" " tag="653">
      <marc:subfield code="a">Mobbing</marc:subfield>
   </marc:datafield>
   <marc:datafield ind1=" " ind2=" " tag="653">
      <marc:subfield code="a">Schule</marc:subfield>
   </marc:datafield>
   <marc:datafield ind1=" " ind2=" " tag="653">
      <marc:subfield code="a">Cyber-Mobbing</marc:subfield>
   </marc:datafield>
   <marc:datafield ind1="0" ind2="0" tag="245">
      <marc:subfield code="a">Spotten, Schimpfen, Schlagen ...</marc:subfield>
   </marc:datafield>
   <marc:datafield ind1="0" ind2="0" tag="245">
      <marc:subfield code="b">Gewalt unter Schülern - bullying und cyberbullying</marc:subfield>
   </marc:datafield>
   <marc:datafield ind1="0" ind2="0" tag="245">
      <marc:subfield code="c">Julia Riebel</marc:subfield>
   </marc:datafield>
   <marc:datafield ind1=" " ind2="1" tag="264">
      <marc:subfield code="a">Landau</marc:subfield>
      <marc:subfield code="b">Empirische Pädagogik e.V.</marc:subfield>
      <marc:subfield code="c">2008</marc:subfield>
   </marc:datafield>
   <marc:datafield ind1="1" ind2=" " tag="490">
      <marc:subfield code="a">Psychologie</marc:subfield>
      <marc:subfield code="v">Bd. 59</marc:subfield>
   </marc:datafield>
   <marc:datafield ind1="1" ind2=" " tag="520">
      <marc:subfield code="a">Angaben aus der Verlagsmeldung

Spotten, Schimpfen, Schlagen... : Gewalt unter Schülern – Bullying und Cyberbullying / von Julia Riebel

Gewalt an Schulen ist bereits seit 20 Jahren ein Thema von öffentlichem Interesse. Welche Erkenntnisse können jedoch als gesichert betrachtet werden und was wird uns lediglich von den Medien suggeriert? Hat schulische Gewalt über die Zeit hinweg tatsächlich zugenommen? Warum verbessert sich trotz zahlreicher Maßnahmen die Problemlage nicht?

Was steckt hinter dem neuen Phänomen Cybermobbing oder Cyberbullying, bei dem sich Schüler über das Internet beschimpfen, bedrohen und beleidigen? Ist es nur eine weitere von vielen Spielarten schulischer Gewalt oder haben wir es hier mit einem völlig neuartigen Problem zu tun?

Dieses Buch versucht, diese Fragen aufgrund der bestehenden Literatur zu beantworten.
</marc:subfield>
   </marc:datafield>
   <marc:datafield ind1=" " ind2=" " tag="020">
      <marc:subfield code="a">9783937333793</marc:subfield>
      <marc:subfield code="9">9783937333793</marc:subfield>
   </marc:datafield>
   <marc:datafield ind1=" " ind2=" " tag="041">
      <marc:subfield code="a">ger</marc:subfield>
   </marc:datafield>
   <marc:datafield ind1=" " ind2=" " tag="300">
      <marc:subfield code="a">II, 79 S.</marc:subfield>
   </marc:datafield>
</marc:record>
